| 000 | 01189nam0a22003011 4500 | ||
|---|---|---|---|
| 001 | RU\INFOCOMM_327\NLR\5000010384 | ||
| 005 | 20250613103142.0 | ||
| 035 | _a(NLR Aleph) 009461394 | ||
| 090 |
_a8469063 _c8469063 |
||
| 100 | _a20121210d1985 |||y0rusy50 ca | ||
| 101 | 1 |
_ager _crus |
|
| 102 |
_aRU _aDE |
||
| 105 | _ay z ||||| | ||
| 200 | 1 |
_aUmweltschutz nach Völkerrecht _fOleg Kolbassow _g[Aus dem Russ. von S. Ebel] |
|
| 210 |
_aM. _cProgress _a[Berlin] _cStaatsverl. der DDR _d1985 |
||
| 215 |
_a240 с. _d21 см |
||
| 300 | _aВ вып. дан.: Международно-правовая охрана окружающей среды / Олег Колбасов | ||
| 320 | _aБиблиогр. в примеч.: с. 227-238 | ||
| 606 | 0 |
_aОкружающая среда _xОхрана _xМеждународно-правовые вопросы _92135110 _3RU\NLR\AUTH\661287575 |
|
| 620 | _aМосква | ||
| 686 |
_aХ916.9 _2rubbk |
||
| 700 | 1 |
_7ba _8rus _aKolbasov _bO. S. _f1927-2000 _gOleg Stepanovič _9175816 _3RU\NLR\AUTH\770175867 |
|
| 801 | 1 |
_aRU _bNLR _c20121210 |
|
| 801 | 0 |
_aRU _bINFOCOMM _gPSBO |
|
| 852 |
_aNLR _jП41 Д-3/200 |
||
| 942 | _cBOOK | ||
| 980 | _aNB | ||